000
00244nam a2200097Ia 4500
001
655700
005
20250826154542.0
008
250824s9999 xx 000 0 und d
245
0
_a
Mavi Kuşu Gören Var Mı
_c
Çetin Öner
260
_b
CAN YAYINLARI
999
_c
655700
_d
655700